000 00361nam a2200145Ia 4500
008 230917s9999||||xx |||||||||||||| ||und||
040 _e104448
_aMAIN
041 _aEnglish
082 _a320.03 N153D
100 _aNanda, T R
245 0 _aDictionary of political science
260 _aNew Delhi
_bAnmol Publications
_c1997
300 _a449 p.
942 _cBK
999 _c119553
_d119553